| Tag |
First Indicator |
Second Indicator |
Subfields |
| LEADER |
00000pam a2200000 a 4500 |
| 001 |
in00000397708 |
| 005 |
20151012053123.0 |
| 008 |
860318s1986 couak b 00110 eng |
| 010 |
|
|
|a 86007229
|
| 020 |
|
|
|a 0872875008 (pbk.) :
|c $19.50
|
| 035 |
|
|
|a (OCoLC)13396473
|
| 035 |
|
|
|9 ABU3226AM
|
| 040 |
|
|
|a DLC
|c DLC
|d TXA
|d UtOrBLW
|
| 049 |
|
|
|a TXAM
|c [A09529901]
|
| 050 |
0 |
0 |
|a LB1584.7
|b .R66 1986
|
| 082 |
0 |
|
|a 300/.07/8
|2 19
|
| 100 |
1 |
|
|a Rooze, Gene Edward.
|
| 245 |
1 |
0 |
|a Using computers to teach social studies /
|c Gene E. Rooze and Terry Northup.
|
| 264 |
|
1 |
|a Littleton, Colo. :
|b Libraries Unlimited,
|c 1986.
|
| 300 |
|
|
|a xiii, 200 pages :
|b illustrations, forms ;
|c 28 cm.
|
| 336 |
|
|
|a text
|b txt
|2 rdacontent
|
| 337 |
|
|
|a unmediated
|b n
|2 rdamedia
|
| 338 |
|
|
|a volume
|b nc
|2 rdacarrier
|
| 504 |
|
|
|a Includes bibliographies and index.
|
| 650 |
|
0 |
|a Social sciences
|x Computer-assisted instruction.
|
| 650 |
|
0 |
|a Social sciences
|x Computer programs.
|
| 650 |
|
0 |
|a Computer literacy.
|
| 700 |
1 |
|
|a Northup, Terry,
|d 1941-
|
| 999 |
|
|
|a MARS
|
| 999 |
f |
f |
|s 569028a2-2ea8-3afb-b316-d50daab0efe9
|i 9f57a40a-34db-3928-959b-56c8ebb60089
|t 0
|
| 952 |
f |
f |
|p normal
|a Texas A&M University
|b College Station
|c Sterling C. Evans Library
|d Evans: Library Stacks
|t 0
|e LB1584.7 .R66 1986
|h Library of Congress classification
|i unmediated -- volume
|m A14809529901
|
| 998 |
f |
f |
|a LB1584.7 .R66 1986
|t 0
|l Evans: Library Stacks
|